[Event "FH 6"]
[Site "SchemingMind.com"]
[Date "2022.08.05"]
[Round "-"]
[White "Arnold Jones"]
[Black "JAHI"]
[Result "0-1"]
[WhiteCountry "ENG"]
[BlackCountry "INT"]
[WhiteElo "1558"]
[WhiteRD "63"]
[BlackElo "2157"]
[BlackRD "69"]
[GameID "725746"]

1. Nf3 a6 2. g3 h6 3. b3 h5 4. Bb2 a5 5. e3 e6 6. Bg2 a4 7. bxa4 Rxa4 8. c3 Ra8 9. O-O h4 10. a4 h3
11. Bh1 Nc6 12. d4 Na5 13. Nbd2 g6 14. c4 Bg7 15. e4 Kf8 16. e5 d6 17. d5 exd5 18. cxd5 Ne7 19. Ne4 Bg4 20. Qd4 Bxf3
21. Bxf3 Bxe5 22. Qd2 Nc4 23. Qb4 Nxb2 24. Qxb7 Rc8 25. Ng5 Nf5 26. Nxh3 Rb8 27. Qa6 Rxh3 28. Kg2 Rxh2+ 29. Kxh2 Qh4+ 30. Kg1 Nxg3
31. fxg3 Qxg3+ 32. Bg2 Bd4+
0-1

[Event "FH 6"]
[Site "SchemingMind.com"]
[Date "2022.08.03"]
[Round "-"]
[White "malcolm chugg"]
[Black "Mahlon Miller"]
[Result "1-0"]
[WhiteCountry "WLS"]
[BlackCountry "USA"]
[WhiteElo "1188"]
[WhiteRD "53"]
[BlackElo "1000"]
[BlackRD "147"]
[GameID "725747"]

1. e3 e5 2. Bb5 Nc6 3. Bxc6 dxc6 4. d4 Nf6 5. Nc3 exd4 6. Qxd4 Be6 7. Na4 Be7 8. Bd2 Qxd4 9. exd4 O-O 10. Bg5 Nd5
11. Bxe7 Nxe7 12. Nc5
1-0

[Event "FH 6"]
[Site "SchemingMind.com"]
[Date "2022.08.03"]
[Round "-"]
[White "krzysztof"]
[Black "Mahlon Miller"]
[Result "1-0"]
[WhiteCountry "POL"]
[BlackCountry "USA"]
[WhiteElo "1537"]
[WhiteRD "89"]
[BlackElo "1000"]
[BlackRD "147"]
[GameID "725748"]

1. e4 d6 2. d4 Nf6 3. f4 Nxe4 4. Bd3 d5 5. Bxe4 Nc6 6. Bf3 Bf5 7. c3 e6 8. g3 Be7 9. h4 O-O 10. Be3 Qd6
11. a3 a6 12. g4 Be4 13. Nd2 Bxf3 14. Ngxf3 Na5 15. g5 b6 16. Ne5
1-0